ბათუმის შოთა რუსთაველის სახელმწიფო უნივერსიტეტის ბიბლიოთეკა

The European Union and the United States : (ბიბ.ჩანაწერი № 57970)

000 -LEADER
fixed length control field 02127cam a2200433 a 4500
001 - CONTROL NUMBER
control field 15253748
005 - DATE AND TIME OF LATEST TRANSACTION
control field 20210414122511.0
008 - FIXED-LENGTH DATA ELEMENTS--GENERAL INFORMATION
fixed length control field 080409s2008 enka b 001 0 eng
010 ## - LIBRARY OF CONGRESS CONTROL NUMBER
LC control number 2008015918
020 ## - INTERNATIONAL STANDARD BOOK NUMBER
International Standard Book Number 9780333968512 (alk. paper)
020 ## - INTERNATIONAL STANDARD BOOK NUMBER
International Standard Book Number 0333968514 (alk. paper)
020 ## - INTERNATIONAL STANDARD BOOK NUMBER
International Standard Book Number 9780333968628 (alk. paper)
020 ## - INTERNATIONAL STANDARD BOOK NUMBER
International Standard Book Number 033396862X (alk. paper)
035 ## - SYSTEM CONTROL NUMBER
System control number (OCoLC)ocn222665648
035 ## - SYSTEM CONTROL NUMBER
System control number (OCoLC)222665648
040 ## - CATALOGING SOURCE
Original cataloging agency DLC
Transcribing agency DLC
Modifying agency DLC
043 ## - GEOGRAPHIC AREA CODE
Geographic area code e------
-- n-us---
050 00 - LIBRARY OF CONGRESS CALL NUMBER
Classification number HC240.25.U5
Item number M34 2008
080 ## - UNIVERSAL DECIMAL CLASSIFICATION NUMBER
Universal Decimal Classification number 327 M-10
082 00 - DEWEY DECIMAL CLASSIFICATION NUMBER
Classification number 337.1/420973
Edition number 22
100 1# - MAIN ENTRY--PERSONAL NAME
Personal name McGuire, Steven,
Dates associated with a name 1965-
9 (RLIN) 11324
245 14 - TITLE STATEMENT
Title The European Union and the United States :
Remainder of title competition and convergence in the global arena /
Statement of responsibility, etc. Steven McGuire and Michael Smith.
260 ## - PUBLICATION, DISTRIBUTION, ETC.
Place of publication, distribution, etc. Basingstoke [England] ;
-- New York :
Name of publisher, distributor, etc. Palgrave Macmillan,
Date of publication, distribution, etc. 2008.
300 ## - PHYSICAL DESCRIPTION
Extent xii, 324 p. :
Other physical details ill. ;
Dimensions 23 cm.
490 1# - SERIES STATEMENT
Series statement The European Union series
504 ## - BIBLIOGRAPHY, ETC. NOTE
Bibliography, etc. note Includes bibliographical references (p. 282-307) and index.
610 20 - SUBJECT ADDED ENTRY--CORPORATE NAME
Corporate name or jurisdiction name as entry element European Union
Geographic subdivision United States.
9 (RLIN) 10492
653 ## - INDEX TERM--UNCONTROLLED
keyword The European Union and the United States : competition and convergence in the global arena
653 ## - INDEX TERM--UNCONTROLLED
keyword ევროკავშირი და ამერიკის შეერთებული შტატები : კონკურენცია და კონვერგენცია გლობალურ არენაზე
653 ## - INDEX TERM--UNCONTROLLED
keyword პოლიტიკა
700 1# - ADDED ENTRY--PERSONAL NAME
Personal name Smith, Michael,
Dates associated with a name 1947 April 10-
9 (RLIN) 11325
830 #0 - SERIES ADDED ENTRY--UNIFORM TITLE
Uniform title European Union series (Palgrave Macmillan (Firm))
9 (RLIN) 10495
856 42 - ELECTRONIC LOCATION AND ACCESS
Materials specified Contributor biographical information
Uniform Resource Identifier http://www.loc.gov/catdir/enhancements/fy0829/2008015918-b.html
856 42 - ELECTRONIC LOCATION AND ACCESS
Materials specified Publisher description
Uniform Resource Identifier http://www.loc.gov/catdir/enhancements/fy0829/2008015918-d.html
856 41 - ELECTRONIC LOCATION AND ACCESS
Materials specified Table of contents only
Uniform Resource Identifier http://www.loc.gov/catdir/enhancements/fy0829/2008015918-t.html
906 ## - LOCAL DATA ELEMENT F, LDF (RLIN)
a 7
b cbc
c orignew
d 1
e ecip
f 20
g y-gencatlg
942 ## - ADDED ENTRY ELEMENTS (KOHA)
Source of classification or shelving scheme
Koha item type წიგნი
ეგზემპლარები
Withdrawn status Lost status Source of classification or shelving scheme Damaged status Not for loan Permanent Location Current Location Shelving location Date acquired Cost, normal purchase price Full call number Barcode Date last seen Copy number Price effective from Koha item type Public note
          ბათუმის შოთა რუსთაველის სახელმწიფო უნივერსიტეტის მთავარი ბიბლიოთეკა ბათუმის შოთა რუსთაველის სახელმწიფო უნივერსიტეტის მთავარი ბიბლიოთეკა წიგნსაცავი 2021-04-14 55.00 327 M-10 54178 2021-04-14 45178 2021-04-14 წიგნი 55.00 GEL.
          ბათუმის შოთა რუსთაველის სახელმწიფო უნივერსიტეტის მთავარი ბიბლიოთეკა ბათუმის შოთა რუსთაველის სახელმწიფო უნივერსიტეტის მთავარი ბიბლიოთეკა წიგნსაცავი 2021-04-14 55.00 327 M-10 54179 2021-04-14 54179 2021-04-14 წიგნი 55.00 GEL.